000 01280cam a22002891i 4500
003 SA-RiAUC
005 20250913060626.0
008 250911t1988 mr g 000 0 ara c
040 _aSA-MaUQU
_bara
_cSA-RiAUC
_erda
043 _af-mr---
082 0 4 _a347.64
_qSA-RiAUC
090 _a347.64
_bع ر ب
100 1 _aالعربي الفاسي، محمد العربي بن يوسف بن محمد،
_d988-1052 هجري
_eمؤلف.
245 1 0 _aشهادة اللفيف /
_cتأليف محمد العربي بن الشيخ الهمام أبي المحاسن يوسف الفاسي الفهري.
264 1 _aالرباط :
_bمركز إحياء التراث المغربي،
_c[1988]
264 3 _a[مكان الطبع غير محدد] :
_bدار الثقافة للطباعة والنشر
264 4 _c©1988
300 _a45 صفحة ؛
_c23 سم
336 _aنص
_btxt
_2rdacontent
_3كتاب
337 _aبدون وسيط
_bn
_2rdamedia
338 _aمجلد
_bnc
_2rdacarrier
650 7 _aالقضاء (فقه إسلامي)
_2aucsh
650 7 _aشهادة الشهود (فقه إسلامي)
_2aucsh
650 7 _aشهادة الشهود
_xقوانين وتشريعات
_zالمغرب
_2aucsh
942 _2ddc
_cBOOK
_n0
949 _aSA-JeALM
_d250911
_umohamedma123
_n1
999 _c11667
_d11667